| 000 | 00325nam a2200109Ia 4500 | ||
|---|---|---|---|
| 008 | 230907s9999||||xx |||||||||||||| ||und|| | ||
| 082 |
_a690.0286 _bLEV |
||
| 100 |
_aLevita, Brian _9118024 |
||
| 245 |
_aEnergy resilient buildings and communities: a practical guide / _cBrian Levita. |
||
| 260 | _c2019-09-27 | ||
| 942 |
_2ddc _cEB |
||
| 999 |
_c599626 _d599626 |
||